000 00305nam a22001217a 4500
008 171025b xxu||||| |||| 00| 0 eng d
041 _aeng
080 _25 ED
_a311
100 _a55
101 _aSTA
245 _aESSENTIALS OF STATISTIC FOR THE BEHAVIORAL SCIENCES
_cWALLMAN.L.B
942 _2udc
_cBK
999 _c35958
_d35958